| 000 | 00574nam a2200241 a 4500 | ||
|---|---|---|---|
| 001 | nice12345678 | ||
| 003 | IN_TiNIC | ||
| 005 | 20260116011859.0 | ||
| 008 | 050524s0000 caia grp 000 0 ara | ||
| 020 |
_a _c100 |
||
| 082 | 0 | 0 |
_a305.231 _bLID |
| 100 | _aLiddiard, Mabel | ||
| 245 | _aMurshadul Ummahat. | ||
| 260 |
_aCairo _bNile Mission Press _c0000 |
||
| 300 | _a179p | ||
| 500 | _aincludes index and biblioraphy | ||
| 505 | 2 | _aReserve copies | |
| 650 | _aChildren-Growth | ||
| 700 | 1 | _aLiddiard, Mabel | |
| 902 | _bSRS | ||
| 942 | _cBK | ||
| 999 |
_c4673 _d4673 |
||